• 首页
  • 本馆介绍
  • 公告通知
  • 最新文献
  • 馆藏检索
  • 电子资源
  • 读者导购
  • 参考咨询
  • 我的图书馆
  • 登录
  • 详细信息显示
  • 放入我的书架
  • 预约/预借图书
  • 作者相关作品
  • 分类相关作品
  • 丛书相关作品
  • 出版社相关作品

书目信息

  • 表格格式
  • 工作单格式
  • 卡片格式
题名:
法之晨曦
    
 
作者: 李嘉禾, 著
分册:  
出版信息: 北京   民主与建设出版社  2019.08
页数: 287页
开本: 21cm
丛书名:
单 册:
中图分类: B226.25
科图分类:
主题词: 思想家--si xiang jia--传记--中国--战国时代
电子资源:
ISBN: 978-7-5139-2456-6
000 01204nam0 2200265 450
001 CAL 0120192847324
005 20230217093111.0
010    @a978-7-5139-2456-6@dCNY59.80
100    @a20190909d2019 em y0chiy0120 ea
101 0  @achi
102    @aCN@b110000
105    @ay z 000yb
106    @ar
200 1  @a法之晨曦@Afa zhi chen xi@e大秦帝国之卫鞅前传@f李嘉禾著
210    @a北京@c民主与建设出版社@d2019.08
215    @a287页@d21cm
314    @a李嘉禾, 2000年生, 现为兖州区实验高级中学高三年级学生。
330    @a本书写的是战国时期法家的代表人物商鞅的一生。春秋战国时期是中国五千年文明史中最重要的一个时代, 而战国时期的重要性比之春秋可能还犹有过之。法家在战国初期逐渐成型, 以其理念崛起的大秦帝国对中国文明的影响深远。而这一切的起源, 都离不开商鞅。本书告诉了你一个不一样的商鞅。本书中的商鞅再不是许多人眼中的酷吏权臣。商鞅应该有过一段和其他天纵之才相似的少年经历。
517 1  @a大秦帝国之卫鞅前传@Ada qin di guo zhi wei yang qian zhuan
600  0 @a商鞅,@Ashang yang@f约前390-前338@x传记
606 0  @a思想家@Asi xiang jia@x传记@y中国@z战国时代
690    @aB226.25@v5
701  0 @a李嘉禾,@Ali jia he@f2000-@4著
801  0 @aCN@bBJXHZP@c20230228
905    @b1398812-5@dB226.25@e1052@f4
    
    法之晨曦:大秦帝国之卫鞅前传/李嘉禾著.-北京:民主与建设出版社,2019.08
    287页;21cm
    
    
    ISBN 978-7-5139-2456-6:CNY59.80
    本书写的是战国时期法家的代表人物商鞅的一生。春秋战国时期是中国五千年文明史中最重要的一个时代, 而战国时期的重要性比之春秋可能还犹有过之。法家在战国初期逐渐成型, 以其理念崛起的大秦帝国对中国文明的影响深远。而这一切的起源, 都离不开商鞅。本书告诉了你一个不一样的商鞅。本书中的商鞅再不是许多人眼中的酷吏权臣。商鞅应该有过一段和其他天纵之才相似的少年经历。
●
相关链接 在E读中查询图书 在五车中查询图书 在当当中查询图书 在豆瓣中查询图书


正题名:法之晨曦     索取号:B226.25/1052         预约/预借

序号 登录号 条形码 馆藏地/架位号 状态 备注
1 1398812   213988121   第一样本阅览室/ [索取号:B226.25/1052] 在馆    
2 1398813   213988130   第一借阅区/ [索取号:B226.25/1052] 在馆    
3 1398814   213988149   第一借阅区/ [索取号:B226.25/1052] 在馆    
4 1398815   213988158   第一借阅区/ [索取号:B226.25/1052] 在馆    
唐山师范学院图书馆 欢迎您!
大连网信软件有限公司© 版权所有